000 00710cam a22002413a 4500
001 40847
003 PGUSA
005 20140828083919.0
008 120923s2012||||xxu|||||s|||||000 | eng d
040 _aPGUSA
_beng
042 _adc
050 4 _aVA
100 1 _aWharton, W. J. L.
_q(William James Lloyd),
_d1843-1905
245 1 2 _aA Short History of H.M.S. Victory
_h[electronic resource] /
_cW. J. L. Wharton
260 _bProject Gutenberg,
_c2012
506 _aPublic domain in the USA.
516 _aElectronic text
653 _aVictory (Ship)
653 _aGreat Britain -- History, Naval
830 0 _aProject Gutenberg
_v40847
856 4 0 _uhttp://www.gutenberg.org/ebooks/40847
942 _cEB
999 _c270099
_d270099